Burkard Schliessmann Plays Chopin: Polonaise-Fantaisie in A flat major, op. 61.

This is a performance of Chopin's Polonaise-Fantaisie in A flat major, op. 61, performed by Burkard Schliessmann, and produced by Lothar Mattner.

Bibliographic Details
Main Author: (1810), Fryderyk Franciszek Chopin (Composer)
Other Authors: Viller, Claus (Director), Mattner, Lothar (Producer), (1935), José Montes-Baquer (Producer), Schliessmann, Burkhard (Performer)
Format: Video
Language:English
Published: Germany : ArtHaus Musik, 2012.
Subjects:
Online Access:Connect to this streaming video (Alexander Street Press)

MARC

Tag First Indicator Second Indicator Subfields
LEADER 00000ngm a2200000Mi 4500
001 in00005554635
006 m o c
007 cr |n||||||||a
007 vz |za|z|
008 170420s2012 gw 013 e o vneng d
005 20241201230828.1
035 |a (OCoLC)on1328879097 
040 |a RBN  |b eng  |e rda  |c RBN  |d OCLCL 
035 |a (OCoLC)1328879097 
049 |a TXAM 
245 0 0 |a Burkard Schliessmann Plays Chopin: Polonaise-Fantaisie in A flat major, op. 61. 
264 1 |a Germany :  |b ArtHaus Musik,  |c 2012. 
300 |a 1 online resource (13 minutes) 
306 |a 001255 
336 |a two-dimensional moving image  |b tdi  |2 rdacontent 
337 |a video  |b v  |2 rdamedia 
337 |a computer  |b c  |2 rdamedia 
338 |a other  |b vz  |2 rdacarrier 
338 |a online resource  |b cr  |2 rdacarrier 
347 |a data file  |2 rda 
518 |o Performed  |p Stadthalle Wuppertal. 
518 |o Recorded  |p Johannisburg, Wuppertal, Germany. 
500 |a Title from resource description page (viewed April 20, 2017). 
500 |a Written in 1846. 
520 |a This is a performance of Chopin's Polonaise-Fantaisie in A flat major, op. 61, performed by Burkard Schliessmann, and produced by Lothar Mattner. 
650 4 |a Late Romantic. 
655 4 |a Performance. 
655 4 |a Piano. 
655 4 |a Instrumental:Polonaise. 
655 4 |a Instrumental:Fantasy. 
700 1 |a (1810), Fryderyk Franciszek Chopin,  |e composer. 
700 1 |a Viller, Claus,  |e director. 
700 1 |a Mattner, Lothar,  |e producer. 
700 1 |a (1935), José Montes-Baquer,  |e producer. 
700 1 |a Schliessmann, Burkhard,  |e performer. 
758 |i has work:  |a Burkard Schliessmann Plays Chopin: Polonaise-Fantaisie in A flat major, op. 61 (MovingImage)  |1 https://id.oclc.org/worldcat/entity/E39PCY8Y6jGrpYTkpY9Dbhm9j3  |4 https://id.oclc.org/worldcat/ontology/hasWork 
856 4 0 |u http://proxy.library.tamu.edu/login?url=https://www.aspresolver.com/aspresolver.asp?AVN2;1794392  |z Connect to this streaming video (Alexander Street Press)  |t 0 
955 |a Alexander Street Press subscription streaming video 
994 |a 92  |b TXA 
999 f f |s ea2f65f6-eb04-474d-a1fd-55b45aa4719a  |i 1dd379e5-7fbd-41b2-925d-369bc7f8ce3a  |t 0 
952 f f |a Texas A&M University  |b College Station  |c Electronic Resources  |d Available Online  |t 0  |h Library of Congress classification 
998 f f |t 0  |l Available Online